History of the war in the Peninsula, and in the south of France, from the year 1807 to the year 1814. (Record no. 553351)
[ view plain ]
| 000 -LEADER | |
|---|---|
| fixed length control field | 00740mam a2200193 4500 |
| 082 ## - DEWEY DECIMAL CLASSIFICATION NUMBER | |
| Classification number | 940.27 |
| Author Mark | NAP |
| 100 1# - MAIN ENTRY--PERSONAL NAME | |
| Personal name | Napier, William Francis Patrick, |
| 9 (RLIN) | 50602 |
| 245 10 - TITLE STATEMENT | |
| Title | History of the war in the Peninsula, and in the south of France, from the year 1807 to the year 1814. |
| Statement of responsibility, etc. | By W. F. P. Napier... |
| 250 ## - EDITION STATEMENT | |
| Edition statement | Second edition. |
| 260 ## - PUBLICATION, DISTRIBUTION, ETC. | |
| Place of publication, distribution, etc. | London, |
| Name of publisher, distributor, etc. | T. & W. Boone, |
| Date of publication, distribution, etc. | 1886. |
| 300 ## - PHYSICAL DESCRIPTION | |
| Extent | 427 p; |
| Other physical details | plans, maps. |
| Dimensions | 23 cm. |
| 500 ## - GENERAL NOTE | |
| General note | Publisher's advertisements: v. 1: final [2] p. |
| 500 ## - GENERAL NOTE | |
| General note | v. 1: lxxix, [1], 618, [2] p. |
| 526 ## - STUDY PROGRAM INFORMATION NOTE | |
| Program name | 0 |
| Interest level | 0 |
| Reading level | 0 |
| Title point value | 940_270000000000000_NAP |
| 590 ## - LOCAL NOTE (RLIN) | |
| Local note | Rare Book copy: Signed by James Kent with notes in his hand. |
| 650 #0 - SUBJECT ADDED ENTRY--TOPICAL TERM | |
| Topical term or geographic name entry element | MCE |
| 9 (RLIN) | 379 |
| 650 #0 - SUBJECT ADDED ENTRY--TOPICAL TERM | |
| Topical term or geographic name entry element | Peninsular War, 1807-1814. |
| 9 (RLIN) | 49379 |
| 942 ## - ADDED ENTRY ELEMENTS (KOHA) | |
| Source of classification or shelving scheme | |
| Koha item type | Book |
| Withdrawn status | Lost status | Source of classification or shelving scheme | Damaged status | Not for loan | Permanent Location | Current Location | Shelving location | Date acquired | Total Checkouts | Full call number | Barcode | Date last seen | Price effective from | Koha item type |
|---|---|---|---|---|---|---|---|---|---|---|---|---|---|---|
| Military College of Engineering (MCE) | Military College of Engineering (MCE) | 02/09/2015 | 940.27 NAP | MCE-ECW/44 | 02/09/2015 | 02/09/2015 | Book |
